00301 a2200133 450000100060000002000180000604000240002410000190004824000280006724500230009530000090011836200090012765000310013647576 a9788582056585 cAnchieta - Aquarius aMassi, Augusto10aMonstros do cinemalpor10aMonstros do cinema a52p.0 a2016 4aLiteratura infanto-juvenil